<?xml version="1.0" encoding="UTF-8"?>
<record
    xmlns:xsi="http://www.w3.org/2001/XMLSchema-instance"
    xsi:schemaLocation="http://www.loc.gov/MARC21/slim http://www.loc.gov/standards/marcxml/schema/MARC21slim.xsd"
    xmlns="http://www.loc.gov/MARC21/slim">

  <leader>00885cam a2200241 a 4500</leader>
  <controlfield tag="001">000018370</controlfield>
  <controlfield tag="005">20200929165458.0</controlfield>
  <controlfield tag="008">850116s1983    cu ac         001 pbspa d</controlfield>
  <datafield tag="040" ind1=" " ind2=" ">
    <subfield code="a">DO-SdBNP</subfield>
    <subfield code="b">spa</subfield>
    <subfield code="c">DLC</subfield>
    <subfield code="d">BNPHU</subfield>
  </datafield>
  <datafield tag="082" ind1=" " ind2=" ">
    <subfield code="a">920.5</subfield>
    <subfield code="b">T695c</subfield>
  </datafield>
  <datafield tag="100" ind1="1" ind2=" ">
    <subfield code="a">Casaus, V&#xED;ctor,</subfield>
    <subfield code="d">1944-</subfield>
    <subfield code="9">39780</subfield>
  </datafield>
  <datafield tag="245" ind1="1" ind2="0">
    <subfield code="a">Pablo :</subfield>
    <subfield code="b">con el filo de la hoja /</subfield>
    <subfield code="c">V&#xED;ctor Casaus ; edici&#xF3;n Miguel Barnet ; correcci&#xF3;n Bertha Hern&#xE1;ndez L&#xF3;pez.</subfield>
  </datafield>
  <datafield tag="260" ind1=" " ind2=" ">
    <subfield code="a">La Habana, Cuba :</subfield>
    <subfield code="b">Uni&#xF3;n de Escritores y Artistas de Cuba,</subfield>
    <subfield code="c">1983.</subfield>
  </datafield>
  <datafield tag="300" ind1=" " ind2=" ">
    <subfield code="a">235 p. :</subfield>
    <subfield code="b">il., retrs. ;</subfield>
    <subfield code="c">23 cm.</subfield>
  </datafield>
  <datafield tag="490" ind1="1" ind2=" ">
    <subfield code="a">Gir&#xF3;n</subfield>
  </datafield>
  <datafield tag="600" ind1="1" ind2="4">
    <subfield code="a">TORRIENTE BRAU, PABLO DE LA,</subfield>
    <subfield code="d">1901-1936.</subfield>
    <subfield code="9">39781</subfield>
  </datafield>
  <datafield tag="650" ind1=" " ind2="4">
    <subfield code="a">Autores cubanos</subfield>
    <subfield code="y">SIGLO XX</subfield>
    <subfield code="x">Biograf&#xED;a</subfield>
    <subfield code="9">39782</subfield>
  </datafield>
  <datafield tag="650" ind1=" " ind2="4">
    <subfield code="a">Revoluciones</subfield>
    <subfield code="z">Cuba</subfield>
    <subfield code="x">Biograf&#xED;a</subfield>
    <subfield code="9">39783</subfield>
  </datafield>
  <datafield tag="700" ind1="1" ind2=" ">
    <subfield code="a">Barnet, Miguel</subfield>
    <subfield code="e">ed.</subfield>
    <subfield code="9">39784</subfield>
  </datafield>
  <datafield tag="830" ind1=" " ind2="0">
    <subfield code="a">Gir&#xF3;n ;</subfield>
    <subfield code="9">39785</subfield>
  </datafield>
  <datafield tag="910" ind1=" " ind2=" ">
    <subfield code="a">Catalogaci&#xF3;n por derivada / LC</subfield>
  </datafield>
  <datafield tag="049" ind1=" " ind2=" ">
    <subfield code="a">BNGR</subfield>
  </datafield>
  <datafield tag="952" ind1=" " ind2=" ">
    <subfield code="0">0</subfield>
    <subfield code="1">0</subfield>
    <subfield code="5">4</subfield>
    <subfield code="7">0</subfield>
    <subfield code="8">MO</subfield>
    <subfield code="a">GR</subfield>
    <subfield code="b">GR</subfield>
    <subfield code="c">CT</subfield>
    <subfield code="d">2010-04-30</subfield>
    <subfield code="i">LF1</subfield>
    <subfield code="l">0</subfield>
    <subfield code="o">920.5 T695c</subfield>
    <subfield code="p">18370-10</subfield>
    <subfield code="r">2020-06-25</subfield>
    <subfield code="w">2020-06-25</subfield>
    <subfield code="y">4</subfield>
    <subfield code="Z">Pr&#xE9;stamo en sala</subfield>
  </datafield>
  <datafield tag="999" ind1=" " ind2=" ">
    <subfield code="c">17891</subfield>
    <subfield code="d">17891</subfield>
  </datafield>
</record>
